| 000 | 01195nam a22002417a 4500 | ||
|---|---|---|---|
| 005 | 20170123164159.0 | ||
| 010 | _aA-552495 | ||
| 035 | _aA-552495 | ||
| 037 | _bCen Lib / Ret | ||
| 040 |
_aDPL _bPN |
||
| 082 |
_a851 _bਸ਼ਿਵਕੁ |
||
| 245 |
_aਸ਼ਿਵ ਕੁਮਾਰ : ਰਚਨਾ ਸੰਸਾਰ / _cਸੰਪਾਦਕ ਅਮਰੀਕ ਸਿੰਘ ਪੁੰਨੀ |
||
| 246 |
_aShiv kumar : rachna sansar : a collection of critical essays / _bby Amrik Singh Punni |
||
| 260 |
_aਨਵੀ ਦਿੱਲੀ _bਪੰਜਾਬੀ ਅਕਾਦਮੀ _c1989 |
||
| 270 |
_aਡੀ. ਡੀ. ਏ. ਕਸਿਉਨਿਟੀ ਫ਼ੈਸਿਲਿਟੀਜ਼ ਕੰਪਲੈਕਸ, ਮੋਤੀਆ ਖ਼ਾਨ, ਮਦਰ ਥਾਣਾ ਰੋਡ, ਪਹਾੜ ਗੰਜ _bਨਵੀ ਦਿੱਲੀ _e110055 |
||
| 300 |
_a125p. _c22cm(Hb) |
||
| 650 |
_a ਸਾਹਿਤ --ਪੰਜਾਬੀ _9138821 |
||
| 650 |
_a ਪੰਜਾਬੀ--- ਕਵਿਤਾਵਾਂ _9138822 |
||
| 650 |
_a Literature--Punjabi _9138823 |
||
| 650 |
_aPunjabi-- Poetry _9138824 |
||
| 700 |
_aਅਮਰੀਕ ਸਿੰਘ ਪੁੰਨੀ _99532 |
||
| 942 |
_2ddc _cPN _h851 _mਸ਼ਿਵਕੁ |
||
| 999 |
_c110926 _d110926 |
||